Flags of Separatist Movements in Azerbaijan - Statistics

General Stats
  • This quiz has been taken 16 times
  • The average score is 3 of 7
Answer Stats
Picture Hint Answer % Correct
Autonomous region that was defeated in 2023 Artsakh
100%
Country's western enclave Nakhchivan
67%
Inhabitants of the Caucasus Lezgistan
42%
Inhabitants of the Caucasus Avaristan
25%
Situated in the Absheron Peninsula Shirvan
25%
Ethnic group that resisted against the government in the 1990's Talyshistan
25%
Largest ethnic group without a country Red Kurdistan
17%
No matching quizzes found
Score Distribution
Percent of People with Each Score
Percentile by Number Answered
Your Score History
You have not taken this quiz